भारतीय पुलिस और जनता / (Record no. 118947)
[ view plain ]
| 000 -LEADER | |
|---|---|
| fixed length control field | 01114nam a22002537a 4500 |
| 005 - DATE AND TIME OF LATEST TRANSACTION | |
| control field | 20170124103124.0 |
| 010 ## - LIBRARY OF CONGRESS CONTROL NUMBER | |
| LC control number | A-988768 |
| 020 ## - INTERNATIONAL STANDARD BOOK NUMBER | |
| Terms of availability | 250.00 |
| 035 ## - SYSTEM CONTROL NUMBER | |
| System control number | A-988768 |
| 037 ## - SOURCE OF ACQUISITION | |
| Source of stock number/acquisition | Cen Lib / Ret |
| 040 ## - CATALOGING SOURCE | |
| Original cataloging agency | DPL |
| Language of cataloging | HN |
| 082 ## - DEWEY DECIMAL CLASSIFICATION NUMBER | |
| Classification number | 363.2 |
| Item number | शिशिर |
| 100 ## - MAIN ENTRY--PERSONAL NAME | |
| Personal name | शिशिर कुमार सिंह |
| 9 (RLIN) | 4285 |
| 245 ## - TITLE STATEMENT | |
| Title | भारतीय पुलिस और जनता / |
| Statement of responsibility, etc | शिशिर कुमार सिंह |
| 246 ## - VARYING FORM OF TITLE | |
| Title proper/short title | Bhartiya police aur janta / |
| Remainder of title | by Shishir Kumar SIngh |
| 260 ## - PUBLICATION, DISTRIBUTION, ETC. (IMPRINT) | |
| Place of publication, distribution, etc | नयी दिल्ली |
| Name of publisher, distributor, etc | झारिसन प्रेस एंड पुब्लिकेशन |
| Date of publication, distribution, etc | 1999 |
| 270 ## - ADDRESS | |
| City | नयी दिल्ली |
| Address | ऍफ़-3/16, अनासरी रोड, दरियागंज |
| Postal code | 110002 |
| 300 ## - PHYSICAL DESCRIPTION | |
| Extent | 223पृ. |
| Dimensions | 20सेमी (सजिल्द) |
| 650 ## - SUBJECT ADDED ENTRY--TOPICAL TERM | |
| Topical term or geographic name as entry element | पुलिस विभाग |
| 9 (RLIN) | 82639 |
| 650 ## - SUBJECT ADDED ENTRY--TOPICAL TERM | |
| Topical term or geographic name as entry element | मानव अधिकार--पुलिस |
| 9 (RLIN) | 2817 |
| 650 ## - SUBJECT ADDED ENTRY--TOPICAL TERM | |
| Topical term or geographic name as entry element | Police Department |
| 9 (RLIN) | 82640 |
| 650 ## - SUBJECT ADDED ENTRY--TOPICAL TERM | |
| Topical term or geographic name as entry element | Human rights - police |
| 9 (RLIN) | 82641 |
| 942 ## - ADDED ENTRY ELEMENTS (KOHA) | |
| Source of classification or shelving scheme | Dewey Decimal Classification |
| Koha item type | Hindi Books |
| Classification part | 363.2 |
| Call number suffix | शिशिर |
| Withdrawn status | Lost status | Damaged status | Not for loan | Home library | Current library | Date acquired | Source of acquisition | Cost, normal purchase price | Total Checkouts | Full call number | Barcode | Date last seen | Date checked out | Copy number | Cost, replacement price | Price effective from | Koha item type |
|---|---|---|---|---|---|---|---|---|---|---|---|---|---|---|---|---|---|
| Central Library | Central Library | 14/09/2015 | Cen Lib/Ref | 250.00 | 1 | 363.2 शिशिर | A-988768 | 24/05/2022 | 11/05/2022 | 1 | 250.00 | 14/09/2015 | Hindi Books |
